| 000 | 00725nam a2200265Ia 4500 | ||
|---|---|---|---|
| 008 | 160803s9999 xx 000 0 und d | ||
| 020 | _a0 590423045 | ||
| 100 | _aLevine, Ellen | ||
| 245 | _aI hate English! / | ||
| 245 | _cby Ellen Levine ; illustrated by Steve Bjèorkman. | ||
| 260 | _aNew York : | ||
| 260 | _bScholastic Inc. | ||
| 260 | _c1989 | ||
| 300 | _a32 unnumbered pages : | ||
| 300 | _bcolor illustrations ; | ||
| 300 | _c21 x 26 cm. | ||
| 500 | _a"A Blue Ribbon book"--Cover. | ||
| 650 | _aChinese -- United States -- | ||
| 650 | _aEmigration and immigration -- | ||
| 650 | _aEnglish language -- | ||
| 650 | _xFiction. | ||
| 650 | _xFiction. | ||
| 650 | _xFiction. | ||
| 700 | _a390 | ||
| 999 |
_c299319 _d299319 |
||